What's really wrong with the middle east / (Record no. 15777)
[ view plain ]
| 000 -LEADER | |
|---|---|
| fixed length control field | 02059nam a2200205 a 4500 |
| 001 - CONTROL NUMBER | |
| control field | ASIN0863566243 |
| 005 - DATE AND TIME OF LATEST TRANSACTION | |
| control field | 20170105102925.0 |
| 008 - FIXED-LENGTH DATA ELEMENTS--GENERAL INFORMATION | |
| fixed length control field | 131211s2010 xxu eng d |
| 020 ## - INTERNATIONAL STANDARD BOOK NUMBER | |
| International Standard Book Number | 0863566243 (paperback) |
| Terms of availability | $16.95 |
| 020 ## - INTERNATIONAL STANDARD BOOK NUMBER | |
| International Standard Book Number | 9780863566240 (paperback) |
| 040 ## - CATALOGING SOURCE | |
| Original cataloging agency | 0 |
| 082 ## - DEWEY DECIMAL CLASSIFICATION NUMBER | |
| Classification number | 956.054 |
| Author Mark | WHI 2010 |
| 100 1# - MAIN ENTRY--PERSONAL NAME | |
| Personal name | Whitaker, Brian. |
| 245 10 - TITLE STATEMENT | |
| Title | What's really wrong with the middle east / |
| Statement of responsibility, etc. | Brian Whitaker. |
| 260 ## - PUBLICATION, DISTRIBUTION, ETC. | |
| Place of publication, distribution, etc. | [S.l.] : |
| Name of publisher, distributor, etc. | Saqi Books, |
| Date of publication, distribution, etc. | 2010. |
| 300 ## - PHYSICAL DESCRIPTION | |
| Extent | 384 p. ; |
| Dimensions | 21 cm. |
| 520 ## - SUMMARY, ETC. | |
| Summary, etc. | "A passionate call for political and social change in Arab countries . . . and a stern critique of the status quo."Jeremy Bowen, BBC Middle East editor The problems in the Middle East are always someone else’s fault. While the West blames dictators and extremists, Arabs often blame centuries of foreign interference. For many, both in the East and West, the root problem is a lack of freedom. Looking beyond the turmoil reported on our TV screens, Guardian journalist Brian Whitaker examines the "freedom deficit" that affects Arabs in their daily lives: their struggles against corruption, discrimination, and bureaucracy, and the stifling authoritarianism that pervades homes, schools, and mosques as well as presidential palaces. Drawing on a wealth of new research and wide-ranging interviews, Whitaker analyzes the views of Arabs living in the region and argues that in order to achieve peace, prosperity, and full participation in today’s global economy, Arabs should embrace political and far-reaching social and cultural change. Brian Whitaker was Middle East editor at the Guardian for seven years and is currently an editor for the newspaper’s Comment is Free website. He is the author of Unspeakable Love: Gay and Lesbian Life in the Middle East (Saqi Books, 2006; also published in the United States by the University of California Press, 2006). His website, www.al-bab.com, is devoted to Arab culture and politics. |
| 856 40 - ELECTRONIC LOCATION AND ACCESS | |
| Materials specified | Amazon.com |
| Uniform Resource Identifier | <a href="http://www.amazon.com/exec/obidos/ASIN/0863566243/chopaconline-20">http://www.amazon.com/exec/obidos/ASIN/0863566243/chopaconline-20</a> |
| 942 ## - ADDED ENTRY ELEMENTS (KOHA) | |
| Source of classification or shelving scheme | |
| Koha item type | Book |
| Withdrawn status | Lost status | Damaged status | Not for loan | Collection code | Permanent Location | Current Location | Shelving location | Date acquired | Total Checkouts | Full call number | Barcode | Date last seen | Price effective from | Koha item type |
|---|---|---|---|---|---|---|---|---|---|---|---|---|---|---|
| Centre for International Peace & Stability (CIPS) | Centre for International Peace & Stability (CIPS) | General Stacks | 10/02/2013 | 956.054 WHI 2010 | CIPS0002187 | 12/11/2013 | 12/11/2013 | Book |
